[Event "AUTO-MASTER-3223"]
[Site "http://www.queenalice.com/game.php?id=1840187"]
[Date "2024.7.14"]
[Round "1"]
[White "zhiii00"]
[Black "jogador58"]
[Result "1-0"]
[WhiteElo "2310"]
[BlackElo "2157"]

1. d4 Nf6 2. c4 g6 3. Nc3 Bg7 4. Nf3 O-O 5. g3 d6 6. Bg2 c6 7. O-O Nbd7 8. e4 e5
9. Re1 Re8 10. h3 a6 11. a4 exd4 12. Nxd4 Nc5 13. Ra3 Ne6 14. Nc2 Nc5 15. a5 h6
16. b4 Ne6 17. Na4 Nd7 18. Be3 Ne5 19. Nb6 Rb8 20. f4 Nd7 21. Rd3 Nxb6 22. Bxb6
Qf6 23. Rxd6 Qc3 24. Qd3 Qxd3 25. Rxd3 Bf8 26. Red1 h5 27. h4 Be7 28. c5 Ng7 29.
Ne3 f5 30. Nc4 fxe4 31. Bxe4 Bxc5+ 32. Bxc5 Rxe4 33. Rd8+ Re8 34. Rxe8+ 1-0

[Event "AUTO-MASTER-3223"]
[Site "http://www.queenalice.com/game.php?id=1840198"]
[Date "2024.7.14"]
[Round "1"]
[White "zhiii00"]
[Black "Pipo712"]
[Result "1-0"]
[WhiteElo "2303"]
[BlackElo "2086"]

1. e4 c5 2. Nf3 d6 3. d4 cxd4 4. Qxd4 Nf6 5. Nc3 e6 6. Bg5 Nc6 7. Qd2 Be7 8.
O-O-O Qa5 9. Kb1 O-O 10. h4 Rd8 11. h5 Ne5 12. h6 Nxf3 13. gxf3 g6 14. Nd5 Qxd2
15. Nxe7+ Kf8 16. Rxd2 Kxe7 17. e5 1-0

[Event "AUTO-MASTER-3223"]
[Site "http://www.queenalice.com/game.php?id=1840199"]
[Date "2024.7.14"]
[Round "1"]
[White "Pipo712"]
[Black "zhiii00"]
[Result "0-1"]
[WhiteElo "2079"]
[BlackElo "2308"]

1. e4 c6 2. d4 d5 3. Nc3 dxe4 4. Nxe4 Nd7 5. Bc4 Ndf6 6. Ng5 e6 7. c3 Bd6 8. Qe2
h6 9. Ne4 Nxe4 10. Qxe4 Nf6 11. Qf3 Qc7 12. h3 Bd7 13. Ne2 O-O-O 14. b4 Rdf8 15.
Bd2 e5 16. O-O-O e4 17. Qe3 Bf5 18. Kb2 Nd5 19. Bxd5 cxd5 20. g4 Bd7 21. c4 dxc4
22. Qxe4 f5 23. gxf5 Bxf5 24. Qd5 Bd3 25. Nc3 Rf5 26. Qe6+ Qd7 27. Qxd7+ Kxd7
28. a3 Rxf2 29. Ka1 g5 0-1

[Event "AUTO-MASTER-3220"]
[Site "http://www.queenalice.com/game.php?id=1841625"]
[Date "2024.8.8"]
[Round "2"]
[White "cerenzo72"]
[Black "zhiii00"]
[Result "0-1"]
[WhiteElo "2153"]
[BlackElo "2313"]

1. e4 d6 2. Nf3 c5 3. d4 cxd4 4. Nxd4 Nf6 5. Nc3 e5 6. Bb5+ Bd7 7. Bxd7+ Nbxd7
8. Ndb5 Qb8 9. a4 a6 10. Na3 h6 11. b4 Be7 12. Bb2 O-O 13. O-O Rd8 14. Nc4 Qc7
15. Ne3 Nb6 16. Qe2 Rac8 17. Rac1 Nc4 18. Nxc4 Qxc4 19. Rfe1 Qxb4 20. Rb1 Rxc3
21. Bxc3 Qxc3 22. Rxb7 Bf8 23. f3 d5 24. exd5 Rxd5 25. Rb3 Bc5+ 26. Kh1 Qa5 27.
Reb1 Qxa4 28. h3 Kh7 29. c4 Rd4 30. Qxe5 Qc6 31. Rb7 Nd7 32. Qf5+ Qg6 33. Qxg6+
Kxg6 34. Ra1 Rd6 35. Rc7 Bb4 36. Kh2 a5 37. Ra2 Ne5 38. c5 Rc6 39. Rxc6+ Nxc6
40. Rc2 a4 41. g4 a3 42. Kg3 Nd4 43. c6 Nxc2 44. c7 Bd6+ 0-1

[Event "AUTO-MASTER-3220"]
[Site "http://www.queenalice.com/game.php?id=1841626"]
[Date "2024.8.8"]
[Round "2"]
[White "zhiii00"]
[Black "cerenzo72"]
[Result "0-1"]
[WhiteElo "2322"]
[BlackElo "2222"]

1. c4 Nf6 2. Nc3 e6 3. d4 c5 4. d5 exd5 5. cxd5 d6 6. e4 g6 7. Nf3 Bg7 8. Be2
O-O 9. O-O Re8 10. Nd2 a6 11. a4 Qa5 12. Ra3 Nbd7 13. Nc4 Qc7 14. Bf4 Nxe4 15.
Nxe4 Rxe4 16. Bxd6 Qd8 17. a5 Re8 18. Bg3 Ne5 19. Nb6 Ra7 20. f4 Nd7 21. Nc4
Bd4+ 22. Kh1 Nf6 23. f5 Bxf5 24. Rxf5 gxf5 25. Nd6 Ne4 26. Nxf5 Qxd5 27. Rf3 Qe6
28. Nxd4 cxd4 29. Qxd4 Raa8 30. Bc4 Rad8 31. Bxe6 Rxd4 32. Bxf7+ Kg7 0-1

[Event "AUTO-MASTER-3220"]
[Site "http://www.queenalice.com/game.php?id=1841629"]
[Date "2024.8.8"]
[Round "2"]
[White "zhiii00"]
[Black "Pin"]
[Result "1-0"]
[WhiteElo "2307"]
[BlackElo "2117"]

1. d4 Nf6 2. c4 g6 3. Nc3 d5 4. Nf3 Bg7 5. Qb3 dxc4 6. Qxc4 O-O 7. e4 b6 8. Qb3
Bb7 9. e5 Nd5 10. e6 fxe6 11. Bc4 a6 12. a4 Qd6 13. Ne4 Qb4+ 14. Bd2 Qxb3 15.
Bxb3 h6 16. O-O Nd7 17. Rfe1 Rae8 18. Rac1 Rc8 19. Rc2 N7f6 20. Nc3 Kf7 21. Ne5+
1-0

[Event "AUTO-MASTER-3220"]
[Site "http://www.queenalice.com/game.php?id=1841630"]
[Date "2024.8.8"]
[Round "2"]
[White "Pin"]
[Black "zhiii00"]
[Result "0-1"]
[WhiteElo "2174"]
[BlackElo "2302"]

1. d4 Nf6 2. c4 e6 3. Nf3 b6 4. g3 Ba6 5. Qc2 Bb4+ 6. Bd2 Be7 7. Bg2 d5 8. b3
O-O 9. O-O c6 10. Ne5 Nfd7 11. Nf3 b5 12. c5 f6 13. b4 e5 14. e4 dxe4 15. Qxe4
f5 16. Qe2 e4 17. Ne1 Nf6 18. Nc2 Bc8 19. Nc3 Be6 20. a4 Bc4 21. Qe3 Ng4 22. Qe1
a6 23. Ne2 Bb3 24. Ne3 Nxe3 25. Bxe3 Bxa4 26. Nf4 Bb3 27. Qb1 Bf7 28. Rd1 a5 29.
Bh3 g5 30. Ne2 Bc4 31. Nc3 a4 32. f3 f4 33. gxf4 gxf4 34. Qxe4 fxe3 35. Qxe3 Bf6
36. Ne4 Ra7 37. Nd6 Bd5 38. Bf5 Rg7+ 39. Kh1 Kh8 40. Qh6 Bxf3# 0-1

[Event "AUTO-ELITE-2549"]
[Site "http://www.queenalice.com/game.php?id=1842240"]
[Date "2024.8.21"]
[Round "1"]
[White "zhiii00"]
[Black "cerenzo72"]
[Result "0-1"]
[WhiteElo "2320"]
[BlackElo "2132"]

1. e4 e5 2. Nf3 d6 3. d3 Nc6 4. Nc3 Nf6 5. h3 Be7 6. Qe2 Bd7 7. Be3 O-O 8. O-O-O
Be6 9. g4 d5 10. g5 d4 11. gxf6 Bxf6 12. Kb1 dxc3 13. bxc3 Qd6 14. d4 exd4 15.
cxd4 Qa3 16. c4 Nb4 17. Qb2 Qa5 18. e5 Bf5+ 0-1

[Event "AUTO-ELITE-2549"]
[Site "http://www.queenalice.com/game.php?id=1842241"]
[Date "2024.8.21"]
[Round "1"]
[White "cerenzo72"]
[Black "zhiii00"]
[Result "0-1"]
[WhiteElo "2060"]
[BlackElo "2317"]

1. e4 c5 2. Nf3 Nc6 3. Bc4 e6 4. Nc3 a6 5. a4 d6 6. d4 cxd4 7. Nxd4 Nf6 8. O-O
Be7 9. Nxc6 bxc6 10. b4 d5 11. exd5 cxd5 12. Bb3 Bxb4 13. Bb2 O-O 14. Ne2 Be7
15. Nd4 Bb7 16. c4 Rb8 17. Qe2 a5 18. cxd5 Nxd5 19. Bxd5 Bxd5 20. Rab1 Rb4 21.
Rfd1 Qb6 22. Nb5 Be4 23. Rbc1 Bg5 24. Bd4 Rxd4 25. Rxd4 Bxg2 26. Re1 Ba8 27. Qg4
Bh6 28. h4 Qc6 29. Qh3 g6 30. Rg4 Bd2 31. Rf1 h5 32. Rg2 Qxg2+ 33. Qxg2 Bxg2 34.
Kxg2 Rd8 35. Rd1 Bg5 36. Rxd8+ Bxd8 0-1

[Event "AUTO-ELITE-2549"]
[Site "http://www.queenalice.com/game.php?id=1842242"]
[Date "2024.8.21"]
[Round "1"]
[White "zhiii00"]
[Black "raulzampronha"]
[Result "0-1"]
[WhiteElo "2325"]
[BlackElo "2415"]

1. e4 d5 2. exd5 Nf6 3. d4 Nxd5 4. c4 Nb6 5. Nc3 g6 6. Be3 Bg7 7. h3 O-O 8. Nf3
Nc6 9. Rc1 e5 10. d5 Ne7 11. Be2 f5 12. Bc5 Re8 13. O-O Nd7 14. Ba3 e4 15. Nd4
Ne5 16. f3 exf3 17. Nxf3 Kh8 18. Ng5 Ng8 19. Nf3 Nf6 20. Nxe5 Rxe5 21. Bf3 Bd7
22. Re1 Rxe1+ 23. Qxe1 Qe8 24. Kf2 Qxe1+ 25. Rxe1 Re8 26. Rxe8+ Nxe8 27. Ke3 Kg8
28. Ne2 Kf7 29. Nd4 Be5 30. c5 Kf6 31. Kd3 g5 32. c6 bxc6 33. dxc6 Bc8 34. Bc5
a6 35. b4 Bd6 36. Kc4 Ke5 37. a4 g4 38. hxg4 fxg4 39. Be2 h5 40. b5 axb5+ 41.
Nxb5 h4 42. Bxd6+ Nxd6+ 43. Kc5 g3 44. Bf3 Ne4+ 45. Bxe4 Kxe4 0-1

[Event "AUTO-ELITE-2549"]
[Site "http://www.queenalice.com/game.php?id=1842243"]
[Date "2024.8.21"]
[Round "1"]
[White "raulzampronha"]
[Black "zhiii00"]
[Result "1/2-1/2"]
[WhiteElo "2379"]
[BlackElo "2321"]

1. d4 Nf6 2. c4 e6 3. Nf3 b6 4. g3 Ba6 5. b3 d5 6. Bg2 Bb4+ 7. Bd2 Be7 8. Bc3 c6
9. Ne5 Nfd7 10. Nxd7 Nxd7 11. Nd2 Rc8 12. O-O O-O 13. e4 dxe4 14. Nxe4 Nf6 15.
Re1 Nxe4 16. Bxe4 c5 17. d5 exd5 18. Bxd5 Bf6 19. Qf3 Bxc3 20. Qxc3 Rc7 21. Qf3
Re8 22. Rad1 Rxe1+ 23. Rxe1 Re7 24. Rxe7 Qxe7 25. Qf4 g6 26. h4 1/2-1/2

[Event "AUTO-MASTER-3167"]
[Site "http://www.queenalice.com/game.php?id=1843150"]
[Date "2024.9.4"]
[Round "2"]
[White "zhiii00"]
[Black "cerenzo72"]
[Result "1-0"]
[WhiteElo "2312"]
[BlackElo "2063"]

1. e4 e5 2. Bc4 Nf6 3. Nc3 Nc6 4. d3 Na5 5. Bb3 Nxb3 6. axb3 b6 7. f4 exf4 8.
Bxf4 Bb7 9. Nf3 Bb4 10. O-O O-O 11. Bg5 Be7 12. Qd2 Re8 13. Rae1 c5 14. Qf4 Nh5
15. Qh4 Bxg5 16. Nxg5 f6 17. Nxh7 Kxh7 18. Qxh5+ Kg8 19. Rf5 Rf8 20. Ref1 d6 21.
Ne2 Qe8 22. Qf3 Rd8 23. Ng3 Bc8 24. Rh5 Qg6 25. Nf5 Bxf5 26. Rxf5 Kf7 27. Kh1
Qh6 28. g4 Rh8 29. Qf2 Rh7 30. g5 Qg6 31. gxf6 Ke6 32. fxg7 Qxg7 33. Rf6+ Ke7
34. Qf4 Rdh8 35. Qxd6+ Ke8 36. Re6+ Qe7 37. Rxe7+ Rxe7 38. Qb8+ 1-0

[Event "AUTO-MASTER-3167"]
[Site "http://www.queenalice.com/game.php?id=1843151"]
[Date "2024.9.4"]
[Round "2"]
[White "cerenzo72"]
[Black "zhiii00"]
[Result "0-1"]
[WhiteElo "2081"]
[BlackElo "2318"]

1. c4 Nf6 2. Nf3 d6 3. e3 g6 4. d4 Bg7 5. b4 a5 6. Bd2 axb4 7. Bxb4 O-O 8. Nbd2
b6 9. a4 Bb7 10. d5 Nxd5 11. Rb1 Nxb4 12. Rxb4 Nc6 13. Rb1 Ra7 14. Bd3 Qa8 15.
Bc2 Bc3 16. O-O Nb4 17. Bb3 Ra5 18. Qe2 Bc6 19. Rbc1 Bg7 20. e4 Na6 21. e5 Nc5
22. exd6 exd6 23. Qe7 Bxf3 24. gxf3 Ne6 25. Ne4 Rf5 26. Ng3 Rxf3 27. Bd1 Rf4 28.
Be2 Bf6 29. Qd7 Rd8 30. Qb5 Nd4 31. Qb1 Qxa4 32. Bd1 Qd7 33. Kg2 Rh4 34. Rh1
Qh3+ 35. Kg1 Re8 36. Ba4 Nf3# 0-1

[Event "AUTO-MASTER-3221"]
[Site "http://www.queenalice.com/game.php?id=1844541"]
[Date "2024.10.1"]
[Round "2"]
[White "zhiii00"]
[Black "raulzampronha"]
[Result "0-1"]
[WhiteElo "2323"]
[BlackElo "2344"]

1. d4 d5 2. c4 e6 3. Nc3 Nf6 4. cxd5 exd5 5. Bg5 Be7 6. e3 O-O 7. Nf3 Nbd7 8.
Bd3 c6 9. O-O Re8 10. Rb1 a5 11. a4 Ne4 12. Bxe7 Qxe7 13. Qc2 Nf8 14. Ne5 Ng6
15. Nxg6 hxg6 16. Rbe1 Bf5 17. f3 Nxc3 18. bxc3 Bxd3 19. Qxd3 f5 20. e4 dxe4 21.
fxe4 fxe4 22. Qe3 b5 23. Rf4 b4 24. c4 Rab8 25. Qb3 Rbd8 26. d5 cxd5 27. cxd5
Qc5+ 0-1

[Event "AUTO-MASTER-3221"]
[Site "http://www.queenalice.com/game.php?id=1844542"]
[Date "2024.10.1"]
[Round "2"]
[White "raulzampronha"]
[Black "zhiii00"]
[Result "1/2-1/2"]
[WhiteElo "2376"]
[BlackElo "2316"]

1. d4 Nf6 2. c4 e6 3. Nf3 d5 4. g3 Be7 5. Bg2 O-O 6. O-O b6 7. cxd5 exd5 8. Nc3
Bb7 9. Re1 Re8 10. Bg5 Nbd7 11. e3 h6 12. Bxf6 Bxf6 13. Rc1 c5 14. dxc5 Nxc5 15.
Nd4 Rc8 16. b4 Ne4 17. Nxe4 dxe4 18. Rxc8 Qxc8 19. Qb1 Qa8 20. Rd1 1/2-1/2

[Event "AUTO-MASTER-3221"]
[Site "http://www.queenalice.com/game.php?id=1844543"]
[Date "2024.10.1"]
[Round "2"]
[White "zhiii00"]
[Black "suenteus_po_147"]
[Result "1-0"]
[WhiteElo "2321"]
[BlackElo "2051"]

1. d4 Nf6 2. c4 g6 3. Nc3 d5 4. Nf3 Bg7 5. Qb3 dxc4 6. Qxc4 O-O 7. e4 a6 8. Qb3
b5 9. e5 Nfd7 10. e6 fxe6 11. Be3 Nf6 12. Be2 Kh8 13. a4 c6 14. axb5 cxb5 15.
Bxb5 Qb6 16. Bc4 Qxb3 17. Bxb3 Bb7 18. Ke2 Nd5 19. Ng5 Nxc3+ 20. bxc3 Rc8 21.
Rhc1 Bd5 22. c4 Bxg2 23. Nxe6 Nc6 24. Nxg7 Kxg7 25. d5 Nb4 26. f3 Bh3 27. c5 Bf5
28. Rc3 h5 29. h4 Rd8 30. Rd1 a5 31. Bc4 a4 32. Bc1 Nc2 33. Rd2 a3 34. Rdxc2
Bxc2 35. Rxc2 1-0

[Event "AUTO-MASTER-3221"]
[Site "http://www.queenalice.com/game.php?id=1844544"]
[Date "2024.10.1"]
[Round "2"]
[White "suenteus_po_147"]
[Black "zhiii00"]
[Result "0-1"]
[WhiteElo "2057"]
[BlackElo "2317"]

1. e4 e6 2. d4 d5 3. e5 c5 4. Nf3 Nc6 5. Bd3 Nh6 6. O-O cxd4 7. Bb5 Bd7 8. Re1
Nxe5 9. Bxd7+ Nxd7 10. Qxd4 Nf6 11. Nc3 Nf5 12. Qa4+ Qd7 13. Qxd7+ Kxd7 14. Bg5
Bd6 15. Bxf6 gxf6 16. Rad1 Ne7 17. a3 Rac8 18. Rd2 Rc6 19. Nd4 Rc4 20. Ndb5 Nc8
21. Nxd6 Nxd6 22. f3 b5 23. Red1 Rhc8 24. Kf2 a5 25. Rd4 b4 26. axb4 axb4 27.
Ne2 Rxd4 28. Rxd4 Rc4 29. Rxc4 Nxc4 30. b3 Na3 31. c3 Kc6 32. cxb4 Kb5 33. Nd4+
Kxb4 34. Nc6+ Kxb3 35. Nd8 d4 36. Nxf7 d3 0-1

[Event "AUTO-MASTER-3223"]
[Site "http://www.queenalice.com/game.php?id=1852114"]
[Date "2025.2.14"]
[Round "2"]
[White "zhiii00"]
[Black "raulzampronha"]
[Result "1/2-1/2"]
[WhiteElo "2330"]
[BlackElo "2224"]

1. d4 d5 2. c4 c6 3. Nc3 Nf6 4. e3 e6 5. Nf3 Nbd7 6. Bd3 dxc4 7. Bxc4 b5 8. Bd3
a6 9. e4 c5 10. e5 cxd4 11. Nxb5 axb5 12. exf6 gxf6 13. O-O Qb6 14. Bf4 Bc5 15.
Bg3 Bb7 16. Nd2 f5 17. Re1 O-O 18. Nb3 Be7 19. Bxf5 Bb4 20. Bxh7+ Kxh7 21. Qh5+
Kg8 22. Qg5+ 1/2-1/2

[Event "AUTO-MASTER-3223"]
[Site "http://www.queenalice.com/game.php?id=1852115"]
[Date "2025.2.14"]
[Round "2"]
[White "raulzampronha"]
[Black "zhiii00"]
[Result "1/2-1/2"]
[WhiteElo "2246"]
[BlackElo "2327"]

1. d4 Nf6 2. Bf4 d5 3. Nf3 e6 4. e3 Bd6 5. Bg3 O-O 6. Bd3 b6 7. O-O Bb7 8. c4
dxc4 9. Bxc4 Ne4 10. Bxd6 cxd6 11. Nbd2 Nd7 12. Nxe4 Bxe4 13. Bd3 Nf6 14. Rc1
Qd7 15. Bxe4 Nxe4 16. Qd3 Qb7 17. Rc2 Rfc8 18. Rfc1 Nf6 19. h3 h6 20. Qa3 Rxc2
21. Rxc2 Ne8 22. Qc3 Kf8 23. b4 Ke7 24. Nd2 1/2-1/2

[Event "AUTO-MASTER-3223"]
[Site "http://www.queenalice.com/game.php?id=1852116"]
[Date "2025.2.14"]
[Round "2"]
[White "zhiii00"]
[Black "andrevillares"]
[Result "1-0"]
[WhiteElo "2334"]
[BlackElo "2094"]

1. e4 c6 2. d4 d5 3. Nc3 dxe4 4. Nxe4 Bf5 5. Ng3 Bg6 6. Nf3 Nd7 7. h4 h6 8. h5
Bh7 9. Bd3 Bxd3 10. Qxd3 e6 11. Bd2 Ngf6 12. O-O-O Bd6 13. Ne4 Nxe4 14. Qxe4 Nf6
15. Qe2 O-O 16. Ne5 Qb6 17. Nc4 Qb5 18. Rde1 Bc7 19. c3 a5 20. Kb1 a4 21. Ne5 a3
22. Qxb5 cxb5 23. b3 Bxe5 24. Rxe5 Ng4 25. Rxb5 Nxf2 26. Re1 Rfe8 27. Rxb7 Ng4
28. c4 Red8 29. Bc3 Nf6 30. Rb5 Rd7 31. Kc2 Kf8 32. Kd3 Ne8 33. Ra5 Rxa5 34.
Bxa5 Nf6 35. Re5 Ng4 36. Bb4+ Ke8 37. Ra5 e5 38. d5 Nf6 39. Bxa3 Nxh5 40. Ke4
1-0

[Event "AUTO-MASTER-3223"]
[Site "http://www.queenalice.com/game.php?id=1852117"]
[Date "2025.2.14"]
[Round "2"]
[White "andrevillares"]
[Black "zhiii00"]
[Result "0-1"]
[WhiteElo "2092"]
[BlackElo "2329"]

1. d4 Nf6 2. c4 c5 3. d5 e6 4. Nc3 exd5 5. cxd5 d6 6. e4 g6 7. Bd3 Bg7 8. Nge2
O-O 9. O-O a6 10. Bg5 Qc7 11. a4 c4 12. Bc2 Nbd7 13. Rc1 Rb8 14. Re1 b5 15. axb5
axb5 16. Nd4 Ba6 17. b3 b4 18. Nce2 c3 19. Nc6 Bxe2 20. Qxe2 Rb7 21. Ra1 Ne5 22.
Nxe5 dxe5 23. Ra6 Nd7 24. Be7 Rc8 25. Rc6 Qb8 26. Qc4 Nb6 27. Rxc8+ Qxc8 28.
Qxc8+ Nxc8 29. d6 Nxe7 30. dxe7 Rxe7 31. f3 Ra7 32. Kf2 Bh6 33. Bd3 Bd2 34. Rb1
Ra2 35. Kg3 c2 36. Bxc2 Rxc2 0-1

[Event "AUTO-MASTER-3223"]
[Site "http://www.queenalice.com/game.php?id=1852118"]
[Date "2025.2.14"]
[Round "2"]
[White "zhiii00"]
[Black "Kapablanca"]
[Result "1-0"]
[WhiteElo "2325"]
[BlackElo "2067"]

1. d4 d5 2. c4 e6 3. Nc3 Nf6 4. Nf3 Be7 5. Bf4 O-O 6. e3 Nh5 7. Qc2 Nxf4 8. exf4
c6 9. O-O-O Nd7 10. Kb1 Nf6 11. Ne5 Nd7 12. Bd3 h6 13. g4 Nb6 14. c5 Nd7 15. Nf3
b6 16. g5 h5 17. Na4 b5 18. Nc3 a5 19. Ne2 Ba6 20. Ng3 g6 21. Bxg6 1-0

[Event "AUTO-MASTER-3223"]
[Site "http://www.queenalice.com/game.php?id=1852119"]
[Date "2025.2.14"]
[Round "2"]
[White "Kapablanca"]
[Black "zhiii00"]
[Result "0-1"]
[WhiteElo "2107"]
[BlackElo "2325"]

1. d4 Nf6 2. c4 c5 3. e3 g6 4. Nc3 Bg7 5. Nf3 O-O 6. Bd3 d6 7. O-O Nc6 8. b3 Bg4
9. h3 cxd4 10. Nd5 Bxf3 11. Nxf6+ Bxf6 12. Qxf3 dxe3 0-1